[Event "MPL-1 Indian Chess Tour 2022"]
[Site "Online"]
[Date "2022.03.27"]
[Round "1.1"]
[White "Adhiban, B.."]
[Black "Sethuraman, S.P."]
[Result "1/2-1/2"]
[WhiteElo "2648"]
[BlackElo "2619"]
[Annotator "TA"]
[PlyCount "84"]
[EventDate "2022.03.30"]
[EventType "tourn"]
[EventCountry "NET"]
[SourceTitle "playchess.com"]
[Source "ChessBase"]
[SourceQuality "1"]

{[%evp 9,84,15,7,8,8,14,14,0,0,0,0,5,8,2,13,0,0,0,53,53,53,53,53,57,53,52,55,8,0,0,22,15,13,0,3,0,0,0,8,12,21,14,56,58,57,56,57,27,25,26,32,8,8,8,8,8,8,8,8,4,8,0,11,0,8,8,8,0,0,-8,-8,-8,0,0,0,-8,0]} 1. e4 c5 2. Nf3 Nc6 3. Bc4 e6 4. O-O Nf6 5. Re1 {[%cal Bf1e1,Be1e4,Be4d4][%mdl 32]} Nxe4 6. Rxe4 {Strongly threatening Bb3. B30: Sicilian: 2...Nc6 3 Bb5, lines without ...g6.} d5 {[#]} 7. Bxd5 Qxd5 8. Nc3 {[#]} Qf5 $146 ({Predecessor:} 8... Qd8 9. d4 Be7 10. Bf4 cxd4 11. Nb5 O-O 12. Nc7 Rb8 13. Nb5 Ra8 14. Nc7 Rb8 15. Nb5 {½-½ (15) Cruz,J (2417)-Demuth,A (2551) Barcelona 2018}) 9. d4 cxd4 10. Nxd4 Nxd4 11. Rxd4 Be7 {Prevents Rd8+.} 12. Be3 O-O 13. Qe2 Bf6 (13... h5 $11) 14. Rf4 $14 Qg6 15. Rg4 Qf5 16. Ne4 $1 {[#] aiming for Rf4.} e5 {Prevents Rf4.} 17. h3 (17. Nxf6+ Qxf6 18. Rb4 Rd8 $11) 17... Kh8 18. Ng3 (18. Nxf6 Qxf6 19. Rg3 Bf5 $11) (18. Bc5 $14 Rd8 19. Re1 (19. Nxf6 Qxf6 20. Re4 Qg6 $11)) 18... Qe6 19. Nh5 Bd7 20. Bg5 {[%cal Be3g5,Bg5h4,Bh4f6][%mdl 32]} Rg8 21. Nxf6 gxf6 22. Bh4 Bc6 23. Re1 Rg6 24. Rxg6 hxg6 25. f4 exf4 (25... e4 $11) 26. Qxe6 fxe6 27. Bxf6+ $11 {[%mdl 4096] Endgame KRB-KRB} Kg8 28. Rxe6 Kf7 29. Rd6 Re8 {To avoid Be5} 30. Bd4 Re1+ {The position is equal.} 31. Kf2 Rc1 $1 32. Rf6+ Ke7 33. Rxg6 {[%cal Oc2c4]} Rxc2+ 34. Kg1 Rc1+ $1 35. Kf2 Rc2+ 36. Kg1 Rc1+ $1 37. Kh2 Rc2 38. h4 ({But not} 38. Bxa7 f3 39. Kg1 (39. Rg7+ Ke6 $17) 39... fxg2 $15) 38... f3 {White must now prevent ...f2.} 39. Rg7+ (39. Bxa7 f2 40. Bxf2 Rxf2 $17) 39... Ke6 {Hoping for ...f2.} 40. Rg6+ ({Much worse is} 40. Bxa7 f2 41. Bxf2 Rxf2 $17) 40... Ke7 {...f2 is the strong threat.} 41. Rg7+ (41. Bxa7 f2 42. Bxf2 Rxf2 $17) 41... Ke6 {And now ...f2 would win.} 42. Rg6+ ({Of course not} 42. Bxa7 f2 43. Bxf2 Rxf2 $17) 42... Ke7 {Weighted Error Value: White=0.06 (flawless) /Black=0.05 (flawless)} 1/2-1/2

[Event "MPL-1 Indian Chess Tour 2022"]
[Site "Online"]
[Date "2022.03.27"]
[Round "1.2"]
[White "Harika, Dronavalli"]
[Black "Erigaisi Arjun"]
[Result "0-1"]
[WhiteElo "2517"]
[BlackElo "2633"]
[Annotator "TA"]
[PlyCount "84"]
[EventDate "2022.03.30"]
[EventType "tourn"]
[EventCountry "NET"]
[SourceTitle "playchess.com"]
[Source "ChessBase"]
[SourceQuality "1"]

{[%evp 10,84,73,52,77,61,81,70,81,80,82,66,96,22,32,38,48,46,50,0,3,-3,-18,-19,16,-51,-34,-38,-20,-21,-24,-46,-45,-53,-40,-93,-76,-103,0,-24,0,0,-12,-187,-161,-163,-161,-261,-272,-331,-325,-323,-288,-289,-292,-543,-543,-522,-515,-608,-588,-796,-796,-750,-825,-810,-811,-760,-742,-1006,-961,-1014,-899,-1529,-1526,-1109,-1052]} 1. e4 d5 2. exd5 Qxd5 3. Nc3 Qd6 4. Nf3 Nf6 5. d4 Bg4 6. h3 Bxf3 {B01: Scandinavian Defence.} 7. Qxf3 (7. gxf3 Qb6 $11) 7... c6 8. Be3 e6 {White is slightly better.} 9. O-O-O Nbd7 10. Bd3 Qc7 11. Rhe1 ({White should play} 11. Kb1 $16) 11... Bb4 $11 12. Bd2 O-O {[#]} 13. Kb1 $146 ({Predecessor:} 13. a3 Be7 14. g4 Rfe8 15. g5 Nd5 16. Ne4 e5 17. c4 Nf4 18. Bxf4 exf4 19. h4 {1-0 (32) Shubin,K (2411)-Fokin,S (2189) Ekaterinburg 2019}) 13... a5 {[%cal Ba7a5,Ba5a4,Ba4a3][%mdl 32]} 14. Ne4 (14. g4 $1 $14 {is more appropriate.}) 14... Bxd2 15. Nxf6+ Nxf6 {[%cal Bd7f6,Bf6d5,Bd5b4][%mdl 32]} 16. Rxd2 a4 17. Re5 ({White should try} 17. a3 $11) 17... a3 $15 18. b3 Nd5 19. c4 Nb4 20. Qe4 {[%csl Gd3][%cal Re4h7] [#]} g6 $1 21. h4 Rad8 22. h5 (22. Qe3 $15) 22... Qd6 23. Bc2 Kg7 (23... c5 $17) 24. Rd1 b5 {[%cal Bb7b5,Bb5b4][%mdl 32]} (24... b6 $5 {[%cal Rc6c5]}) 25. c5 (25. cxb5 Nd5 26. Qf3 (26. h6+ Kg8 $17) 26... cxb5 $17) 25... Qe7 26. Rh1 $2 {This costs White the game.} (26. Qe1 $11 {and White has nothing to worry.} Nd5 27. b4) 26... Nd5 {White must now prevent ...Nc3+.} 27. Qf3 {To avoid Nc3+} b4 28. Ka1 {[#]} (28. hxg6 hxg6 29. Reh5 (29. Qh3 $2 Rh8 $19) 29... Rh8 30. Rxh8 Rxh8 31. Rxh8 Kxh8 $17) (28. Bd3 $142) 28... Qf6 $1 $19 29. h6+ ({Much worse is} 29. hxg6 hxg6 30. Qxf6+ (30. Qh3 $2 Rh8 $19) 30... Nxf6 $19) 29... Kg8 30. Qxf6 Nxf6 31. Rh4 Rd7 32. Re2 $2 (32. Bd1 {was called for.} Rfd8 33. Bf3) 32... Rfd8 {Black is clearly winning.} 33. Rd2 e5 34. Kb1 Nd5 {And now ...Nc3+ would win.} 35. Kc1 Nc3 {[%csl LRa2,LRd4][%cal Rd7d4]} 36. Bb1 Rxd4 37. Rdxd4 Rxd4 {KRB-KRN} 38. Rh1 f5 {...Kf7 is the strong threat.} 39. Re1 Kf7 40. f3 Kf6 41. g4 fxg4 42. fxg4 Rxg4 {Weighted Error Value: White=0.59/Black=0.08 (flawless)} 0-1

[Event "MPL-1 Indian Chess Tour 2022"]
[Site "Online"]
[Date "2022.03.27"]
[Round "1.3"]
[White "Ganguly, Surya Shekhar"]
[Black "Sankalp Gupta"]
[Result "1/2-1/2"]
[WhiteElo "2627"]
[BlackElo "2536"]
[Annotator "TA"]
[PlyCount "128"]
[EventDate "2022.03.30"]
[EventType "tourn"]
[EventCountry "NET"]
[SourceTitle "playchess.com"]
[Source "ChessBase"]
[SourceQuality "1"]

{[%evp 9,128,20,6,-18,-20,-12,-12,-56,0,-35,-23,-47,-39,-57,-58,-67,-85,-76,-61,-77,-17,-20,35,18,39,-127,-121,-114,-117,-162,-172,-166,-137,-156,-47,-30,-24,-33,-28,-37,-25,-58,-61,-72,-72,-73,-27,-27,-22,-39,-19,-162,-160,-220,-207,-222,-222,-389,-258,-264,-109,-83,0,0,0,0,0,0,0,-128,-133,-294,24,-95,-85,-53,0,0,0,0,0,0,0,0,0,0,0,0,0,0,0,-8,-8,-8,-8,-8,-8,-8,-8,-8,0,0,30,0,0,0,0,-8,-8,-8,-8,-8,-8,-8,-8,-8,-8,-8,0,0,0]} 1. Nf3 d5 {[%cal Bd7d5,Bd5d4][%mdl 32]} 2. e3 c5 3. b3 {[%cal Bb2b3,Bb3b4][%mdl 32]} Nc6 4. Bb5 f6 5. c4 d4 6. b4 {A06: Réti Opening: 1 Nf3 d5.} e5 {[#]} 7. d3 $146 ({Predecessor:} 7. bxc5 Bxc5 8. Nxd4 Bxd4 9. exd4 Qxd4 10. Nc3 Be6 11. Rb1 Nge7 12. O-O O-O 13. Ba3 {0-1 (26) Pachman,L (2370)-Ousatchi,M (2260) Bad Woerishofen 1991}) 7... Bd6 8. Nbd2 (8. exd4 $11 {was preferrable.} cxd4 9. Qa4 (9. c5 Bc7 $15)) 8... Nge7 (8... dxe3 $1 $15 9. fxe3 Nge7) 9. Ne4 dxe3 10. fxe3 cxb4 11. c5 Bc7 12. Qb3 {Prevents Be6.} a6 13. Ba4 Qd5 14. O-O Be6 ({Black should play} 14... Bf5 $17 {Threatens to win with ...0-0-0.} 15. Qxd5 Nxd5) 15. Qxb4 $1 $11 O-O-O (15... Qxd3 $11 16. Qxb7 Kd7) 16. Qb2 $1 $14 Qxd3 17. Nd6+ (17. Nf2 $1 $14 {was the only good move.} Qg6 18. Rb1) 17... Bxd6 $17 18. Rb1 {[%csl Gb1][%cal Rb2b7]} Rd7 19. cxd6 (19. Rd1 $17 {was necessary.} Qxd1+ 20. Bxd1 Bxc5 21. Bb3) 19... Qxd6 $19 20. Bd2 Bd5 21. Bb4 Qxb4 ({Better is} 21... Qe6 $17 {Strongly threatening ...b5.} 22. Bxe7 Rxe7) 22. Qxb4 $15 Nxb4 23. Bxd7+ Kxd7 24. Rxb4 b5 25. Nd2 Rc8 ({Much worse is} 25... Bxa2 26. Ra1 Bd5 27. Rxa6 $11) 26. a4 Rc2 27. Rd1 Kc6 (27... Nf5 $17 28. Kf2 Nd6) 28. axb5+ axb5 29. e4 Be6 (29... Ba2 $5 {[%cal Rc6c5]} 30. Nb1 Rc5 $11) 30. Nb3 (30. Rbb1 $11 {and White is okay.}) 30... Nc8 $1 $19 31. Rd8 (31. Nd2 $17) 31... Nd6 32. Na5+ Kc7 33. Ra8 (33. Rxd6 Kxd6 34. Rxb5) 33... Kb6 34. Rb1 Ra2 ({Stronger than} 34... Nxe4 35. Rb8+ Kc7 36. Rb7+ Kd8 37. R7xb5 $11) (34... Ba2 $19 {and Black stays clearly on top.} 35. Ra1 b4) 35. Rd8 $17 Nxe4 (35... Rd2 $17 36. Ra1 g6 37. Rb8+ Kc7) 36. Rb8+ $11 Kc7 ({Don't take} 36... Kxa5 37. R8xb5+ Ka6 38. Rb6+ Ka5 39. Rxe6 $16) 37. Rb7+ Kd6 {And now ...Nc3 would win.} 38. Rb6+ Kd7 39. Rb7+ (39. Rd1+ $11 Rd2 40. Rxd2+ Nxd2 41. Rxb5) 39... Ke8 $17 40. Nc6 $2 {[#]} (40. R7xb5 $17 {might work better.} Nc3 41. Rb8+ Kf7 42. R1b7+ Kg6 43. Nc6) 40... Bc4 $2 (40... Nc3 $1 $19 41. Re1 Bd5 42. Rb8+ Kd7) 41. Rxg7 {[#]} (41. Rd1 $11 Rd2 42. Rxd2 Nxd2 43. Rxg7) 41... Nc3 $1 42. Re1 Kf8 (42... Ne2+ $15 43. Kh1 Nf4 44. Re7+ Kf8) 43. Rxh7 $11 Bd5 {[%csl LRc6,LRg2]} 44. Nb4 Rxg2+ 45. Kf1 Rg7 46. Rxg7 {[%cal Ob4d5]} Bc4+ 47. Kf2 Kxg7 {[%mdl 4096] Endgame KRN-KBN} 48. Rg1+ Kh6 49. Nc6 Nd5 50. Na5 Bd3 51. Nb3 f5 52. Nc5 Bc4 53. Nd7 e4 54. Ne5 Nf4 {Hoping for ...Nh3+.} 55. Ke3 Nd3 56. Nxc4 (56. Ng6 {is interesting.} Kh5 57. Ne7 f4+ 58. Kxe4 Nf2+ 59. Kf5) 56... bxc4 {KR-KN. The position is equal.} 57. Kd4 Kh5 (57... c3 $5 58. Kxc3 Ne5 $11) 58. Kxc4 Nf2 59. Kd4 f4 60. Rf1 e3 61. Re1 Kg4 {...Kf3 is the strong threat.} 62. Rxe3 fxe3 63. Kxe3 Kh3 64. Kxf2 Kxh2 {Weighted Error Value: White=0.25 (precise) /Black=0.23 (precise)} 1/2-1/2

[Event "MPL-1 Indian Chess Tour 2022"]
[Site "Online"]
[Date "2022.03.27"]
[Round "1.4"]
[White "Mendonca, Leon Luke"]
[Black "Puranik, Abhimanyu"]
[Result "1/2-1/2"]
[WhiteElo "2536"]
[BlackElo "2618"]
[Annotator "TA"]
[PlyCount "135"]
[EventDate "2022.03.30"]
[EventType "tourn"]
[EventCountry "NET"]
[SourceTitle "playchess.com"]
[Source "ChessBase"]
[SourceQuality "1"]

{[%evp 23,135,7,26,22,22,26,23,21,25,21,22,20,20,11,10,16,33,11,31,29,29,44,48,0,0,0,0,-99,-97,-88,-97,-68,126,135,137,135,136,132,135,129,131,25,25,0,0,0,0,0,0,-49,71,72,72,50,54,54,70,46,236,231,227,227,226,212,204,0,0,0,0,0,0,0,0,0,0,0,0,0,0,0,0,0,0,0,0,0,0,0,0,0,0,0,0,0,0,-29981,-29982,-29982,-29983,-29983,-29984,-29984,-29985,-29985,-29986,-29986,-29987,-29987,-29988,-29988,-29988,-29988,0,0]} 1. d4 Nf6 2. c4 g6 3. Nc3 d5 4. Nf3 Bg7 5. Bg5 Ne4 6. Bf4 Nxc3 7. bxc3 O-O 8. e3 c5 9. cxd5 Qxd5 10. Be2 Nc6 11. O-O cxd4 12. cxd4 Bf5 13. Qa4 {D80: Grünfeld: Unusual White 4th moves and 4 Bg5.} Rac8 14. Rac1 Qa5 15. Qxa5 {White has an edge.} Nxa5 16. Nd2 Be6 17. a3 Bd5 18. h4 {[#]} e6 $146 {[%cal Be7e6,Be6e5,Be5d4][%mdl 32]} ({Predecessor:} 18... a6 19. a4 e6 20. h5 f5 21. hxg6 hxg6 22. Bf3 Bf6 23. Bc7 Nc6 24. Bh2 g5 25. Rb1 Rf7 {½-½ (25) Koegeler,A (2136)-Iordanyan,E (2302) ICCF email 2014}) 19. g4 Rfe8 20. Bb5 Bc6 21. Bxc6 Nxc6 22. Ne4 e5 23. Bg3 (23. Bg5 $14 h6 24. Nf6+ Bxf6 25. Bxf6) 23... Rcd8 $11 ({Much less strong is} 23... exd4 24. Nd6 $16) 24. Nc5 Na5 25. Ne4 (25. dxe5 $11 {keeps the balance.} Bxe5 26. Bxe5 Rxe5 27. Rc3) 25... exd4 $17 26. Bc7 Rd5 27. Nd6 Re7 (27... Re6 $1 $15 {stays ahead.} 28. Bxa5 Rxa5 29. Nxb7 Rb5) 28. e4 $1 $36 {[%mdl 2048] White is in control.} Rde5 29. f4 $1 {White is more active.} Nb3 30. fxe5 Nxc1 31. Rxc1 {Strongly threatening Bd8.} Bxe5 32. Bd8 Rd7 $1 $11 (32... Bxd6 33. Bxe7 Bxe7 34. Rc7 Bxa3 35. Rxb7 $16) 33. Nc4 (33. Rc8 $5 Bxd6 34. e5 $11) 33... Bf4 34. Rf1 b5 35. Rxf4 bxc4 {[%mdl 4096] Endgame KRB-KR} 36. Bf6 (36. Ba5 $1 $11 {was preferrable.}) 36... c3 (36... d3 $15 {keeps the upper hand.} 37. Rf1 d2) 37. Rf1 $1 $16 {Black must now prevent Rb1.} c2 {Prevents Rb1. And now ...d3 would win.} 38. Bg5 d3 {Threatens to win with ...d2.} 39. Bd2 {Hoping for Kf2.} f5 40. gxf5 gxf5 (40... Rd4 $1 $14 41. Re1 gxf5) 41. Kf2 $1 $18 ({But not} 41. Rxf5 $6 c1=Q+ 42. Bxc1 d2 43. Bxd2 Rxd2 $16) (41. exf5 Rd5 42. Re1 Kf7 $11) 41... fxe4 42. Ke3 Re7 43. Rf4 Rc7 {[#]} 44. Bc1 $2 ({Not} 44. Kxe4 c1=Q 45. Bxc1 Rxc1 $11) ({Only move:} 44. Rg4+ $1 $18 Kf7 45. Bc1) 44... Rg7 $1 $11 45. Rxe4 Rg1 46. Kxd3 Rxc1 {KR-KR} 47. Ra4 Rd1+ 48. Kxc2 Rd7 49. Kc3 Rg7 50. Kd3 h6 51. Kc4 h5 52. Kb5 Kh7 53. Rc4 Rg4 54. a4 a6+ 55. Kc5 Kg6 56. Rd4 Rxd4 57. Kxd4 {Threatening mate with Kc5. KPP-KPP} Kf5 58. a5 Kg4 59. Kc5 $2 {[%mdl 8192]} (59. Ke4 $11) 59... Kxh4 {KPP-KP} 60. Kb6 {[#]} Kg5 $1 61. Kxa6 {KP-KP} h4 62. Kb7 h3 63. a6 h2 64. a7 h1=Q+ 65. Kb8 Qh8+ 66. Kb7 Qg7+ 67. Kb8 Qxa7+ $2 68. Kxa7 {What a bad dream for Black.  Weighted Error Value: White=0.29 (precise) /Black=0.21 (precise)} 1/2-1/2

[Event "MPL-1 Indian Chess Tour 2022"]
[Site "Online"]
[Date "2022.03.27"]
[Round "1.5"]
[White "Narayanan.S.L"]
[Black "Lalith Babu M R"]
[Result "1/2-1/2"]
[WhiteElo "2658"]
[BlackElo "2563"]
[Annotator "TA"]
[PlyCount "112"]
[EventDate "2022.03.30"]
[EventType "tourn"]
[EventCountry "NET"]
[SourceTitle "playchess.com"]
[Source "ChessBase"]
[SourceQuality "1"]

{[%evp 17,112,30,43,6,60,47,63,29,29,31,52,29,19,28,29,13,77,39,24,32,34,32,31,21,16,19,27,29,46,14,29,0,0,0,17,0,35,0,0,0,0,0,5,5,58,58,97,58,131,-47,-14,-20,-21,-43,0,0,0,0,0,0,0,-8,0,-15,-15,-16,-8,-33,-7,-8,0,0,0,-14,-14,-14,0,-5,0,0,0,0,0,0,0,0,0,0,0,0,0,-5,-5,-5,-8,-8,0]} 1. d4 Nf6 2. c4 e6 3. Nc3 Bb4 4. Nf3 c5 5. e3 O-O 6. Bd3 b6 7. O-O cxd4 8. exd4 Bb7 9. Bg5 Be7 10. Qe2 {E43: Nimzo-Indian: Rubinstein: 4...b6.} (10. Re1 $5 {[%cal Ra1c1]}) 10... d6 (10... Nc6 $11) 11. Rfe1 Nbd7 {[%cal Bb8d7,Bd7f8,Bf8g6][%mdl 32]} 12. Rad1 {[%cal Od4d5] White is slightly better.} (12. d5 $5 {[%cal Rd5e6]}) 12... Re8 13. h3 Rc8 {[#]} 14. b4 $146 (14. d5 $5) ({Predecessor:} 14. b3 a6 15. a4 h6 16. Bf4 Bf8 17. Bb1 d5 18. Ne5 Bb4 19. Rd3 dxc4 20. bxc4 Bxc3 21. Rxc3 {0-1 (31) Schoeppl,E (2248)-Zelcic,R (2543) Salzburg 2003}) 14... Nf8 15. Bf4 Ng6 16. Bh2 a5 (16... Ba6 $11) 17. a3 axb4 18. axb4 Ra8 19. Ra1 (19. Rb1 {is interesting.} Qd7 20. Qe3 Bf8 21. Nd2 Ra3 22. Nb5) 19... Qd7 20. Rxa8 Rxa8 21. d5 e5 22. Nd2 Bf8 23. Bg3 Ra3 24. Nde4 Nxe4 25. Nxe4 h6 26. h4 Ne7 27. c5 bxc5 28. bxc5 Bxd5 (28... Nxd5 29. cxd6 Nf4 30. Bxf4 exf4 31. Bb5 $16) 29. Nxd6 Nc6 30. Bf5 Qd8 ({Black should try} 30... Be6 $11 31. Bxe6 Qxe6) 31. Rd1 $14 {[%cal Be1d1,Bd1d3,Bd3b3][%mdl 32]} Bb3 32. Rd3 {White is much more active.} Qa5 {[#]} ({Black should play} 32... Nd4 $1 $14 33. Qxe5 Nxf5 34. Qxf5 Be6) 33. Qe4 $2 ({Much less strong is} 33. Bxe5 Qxc5 34. Bb2 Ra7 $14) (33. Rxb3 $1 $16 {[%mdl 512]} Rxb3 34. Nxf7) 33... Qxc5 34. Rxb3 {Bh7+ would kill now.} Ra1+ ({But not} 34... Qc1+ 35. Kh2 Bxd6 36. Rxa3 Bxa3 37. Bd7 $14 (37. Bxe5 Nxe5 38. Qxe5 Qd2 $11)) 35. Kh2 {White threatens Bh7+ and mate.} Qxd6 (35... Bxd6 $15 36. Qd3 {[#]} Qc1 $1) 36. Rd3 $11 Qc5 37. Bg4 Rc1 (37... Qc1 $2 38. Rd1 Qc3 39. Rxa1 Qxa1 40. Qxc6 $18) 38. Rd7 Qc4 39. Qxc4 Rxc4 40. Bf3 {Hoping for Bd5.} e4 41. Be2 Rc5 42. Bd1 {[%cal Be2d1,Bd1b3,Bb3d5][%mdl 32]} Ne5 43. Rd8 {The position is equal.} g6 44. Re8 f6 45. Bb3+ Kg7 46. Bxe5 fxe5 {[%mdl 4096] Endgame KRB-KRB} 47. Rd8 Rc7 48. g3 Bc5 49. Kg2 Rb7 50. Bd5 Rb2 51. Rd7+ Kf8 52. Bxe4 Rxf2+ 53. Kh3 Rf6 54. Kg4 Be3 55. h5 gxh5+ 56. Kxh5 Bg5 {Weighted Error Value: White=0.14 (very precise) /Black=0.14 (very precise)} 1/2-1/2

[Event "MPL-1 Indian Chess Tour 2022"]
[Site "Online"]
[Date "2022.03.27"]
[Round "1.6"]
[White "Karthikeyan, Murali"]
[Black "Iniyan, P."]
[Result "1/2-1/2"]
[WhiteElo "2622"]
[BlackElo "2516"]
[Annotator "TA"]
[PlyCount "116"]
[EventDate "2022.03.30"]
[EventType "tourn"]
[EventCountry "NET"]
[SourceTitle "playchess.com"]
[Source "ChessBase"]
[SourceQuality "1"]

{[%evp 18,116,25,16,23,13,23,11,20,23,36,0,7,0,0,0,0,0,10,0,39,0,0,-9,0,-8,-20,-29,-12,-15,-10,-14,0,-23,-22,-26,-12,-19,0,-40,17,-12,0,0,0,0,0,0,0,-39,0,0,0,0,0,0,0,0,0,0,0,-58,0,0,16,-97,-97,-97,0,0,0,0,87,92,94,91,87,0,0,0,271,225,193,0,0,0,0,0,0,0,0,0,0,0,0,0,0,0,0,0,0]} 1. Nf3 Nf6 2. c4 e6 3. g3 b6 4. Bg2 Bb7 5. O-O Be7 6. Nc3 O-O 7. d4 d5 8. cxd5 exd5 9. Bf4 Nbd7 10. Rc1 Nh5 {E18: Queen's Indian: Old Main Line (4 g3 Bb7 5 Bg2 Be7 6 0-0 0-0 7 Nc3).} 11. Be3 Nhf6 12. Ne5 c6 13. f4 c5 14. h3 cxd4 15. Bxd4 (15. Qxd4 Bc5 16. Qd3 Nxe5 17. fxe5 Bxe3+ 18. Qxe3 d4 $1 $15) 15... Nc5 {[#]} 16. Qd2 $146 ({Predecessor:} 16. Kh2 a6 17. Na4 Rc8 18. b4 Nxa4 19. Qxa4 Qd6 20. a3 Rfd8 21. Qb3 h6 22. Qe3 {1-0 (40) Tugarin,A (2242)-Zhaltsanov,I (1880) Russia 2014}) 16... Rc8 17. Rfd1 Nfe4 18. Qe1 Ne6 19. Be3 (19. Bxe4 $14 {feels stronger.} dxe4 20. Be3) 19... Nxc3 $11 20. Rxc3 {[%cal Og2d5]} Rxc3 21. bxc3 Qa8 22. Qd2 {[%cal Rg2d5]} Rd8 23. Qc2 Qc8 24. Kh2 Bf6 25. Qb3 Bxe5 26. fxe5 Qc7 27. Bd4 h5 28. h4 Nc5 ({Better is} 28... Ba6 $15) 29. Qb1 Ne4 30. Qc1 Rc8 {[%cal Re4c3,Bd8c8,Bc8c4,Bc4a4,Ba4a5][%mdl 32]} 31. Qf4 Qe7 (31... Nxc3 $2 32. Rc1 $18) 32. Rc1 {[%cal Oc3c4]} Rc4 33. Qf5 g6 34. Qf4 {[%cal Oe5e6]} Nc5 35. Rf1 {[%cal Oe5e6]} Ne6 $36 {[%mdl 2048] Black has good play.} 36. Qd2 Ra4 (36... Nxd4 37. cxd4 Qe8 38. Rf6 $14) 37. Rf6 Ra5 38. Bf3 {Strongly threatening g4. A strong pair of Bishops.} Bc8 $1 39. Qb2 (39. Qe3 $11) 39... Bd7 ({Black should play} 39... Ng7 $15) 40. Qd2 Ng7 (40... Nxd4 41. cxd4 Qf8 42. Qg5 $16) 41. Bf2 (41. Qg5 $11 Qe8 42. e6 Nxe6 43. Rxe6 Qxe6 44. Qh6 Qh3+ 45. Kg1 Qxg3+ 46. Bg2 Qe1+ 47. Bf1 Qg3+ 48. Bg2 Qe1+ 49. Bf1 Qg3+ 50. Bg2) 41... Be6 $1 $17 ({Don't play} 41... Qxe5 42. Bd4 Qe7 43. Qh6 $18) 42. Bd4 Qa3 (42... Qc7 $17 {aiming for ...Qc4.} 43. Rf4 Nf5) 43. Qg5 $11 Qxa2 44. Rf4 {Qd8+ would kill now.} Qa3 (44... Qd2 $11 {keeps the balance.}) 45. g4 $1 $16 hxg4 46. Bxg4 Bxg4 47. Rxg4 (47. h5 $1 $16 {[%cal Rh5h6]} Ne6 48. Qf6) 47... Qf8 $1 $11 48. h5 Ne6 $2 {[%mdl 8192]} (48... gxh5 $2 49. e6 $1 f6 50. Bxf6 $1 (50. Qxh5 Ra2 $18) 50... hxg4 51. e7 Qxf6 52. Qxf6 $18) (48... Ra2 $1 $11) 49. Qf6 $18 Qh6 {[#]} (49... Ra2 $2 50. hxg6 Rxe2+ 51. Kg3 $18) 50. Rxg6+ $1 {[%mdl 512]} fxg6 $11 {The position is equal.} 51. Qxe6+ $18 {[%mdl 4096] Endgame KQR-KQB} Kf8 $1 52. Qf6+ Ke8 $1 (52... Kg8 53. e6 Qxh5+ 54. Kg3) 53. Qe6+ Kf8 54. Qc8+ Ke7 55. Qc7+ Ke8 56. Qc6+ Kf8 57. Qf6+ Ke8 $1 (57... Kg8 {leads to mate.} 58. e6 Qxh5+ 59. Kg3) 58. Qe6+ Kf8 {Weighted Error Value: White=0.19 (very precise) /Black=0.20 (precise)} 1/2-1/2

[Event "MPL-1 Indian Chess Tour 2022"]
[Site "Online"]
[Date "2022.03.27"]
[Round "1.7"]
[White "Aryan Chopra"]
[Black "Gupta, Abhijeet"]
[Result "1/2-1/2"]
[WhiteElo "2585"]
[BlackElo "2628"]
[Annotator "TA"]
[PlyCount "95"]
[EventDate "2022.03.30"]
[EventType "tourn"]
[EventCountry "NET"]
[SourceTitle "playchess.com"]
[Source "ChessBase"]
[SourceQuality "1"]

{[%evp 10,95,23,21,16,10,13,13,39,27,31,13,19,29,54,51,69,0,11,0,2,0,49,-35,-32,-31,-15,-9,-8,-28,-22,-22,-25,-32,0,-12,-11,-27,-32,-50,-18,-49,0,-9,-4,-3,0,0,0,0,0,0,0,0,0,0,0,0,0,0,0,0,0,0,0,0,0,0,0,0,0,0,0,0,0,0,0,0,0,0,0,0,0,0,0,0,0,0]} 1. d4 d5 2. Nf3 Nc6 3. Bf4 Bg4 4. Nbd2 e6 5. e3 Bd6 6. Bg3 Nf6 {6...Nf6 is better than 6...Nge7. D02: 1 d4 d5 2 Nf3 sidelines, including 2...Nf6 3 g3 and 2...Nf6 3 Bf4.} 7. c4 O-O 8. Be2 dxc4 9. Nxc4 Bb4+ 10. Kf1 Ne4 11. a3 {[#]} Bd6 $146 ({Predecessor:} 11... Be7 12. Qc2 f5 13. Bd3 Rc8 14. b4 Bh5 15. Rc1 Qd5 16. Nfd2 Nxd2+ 17. Nxd2 a5 {0-1 (45) Przedmojski,R (2397)-Kukawski,M (2253) Warsaw 2008}) 12. Rc1 a6 13. Nfe5 ({Better is} 13. Qc2 $14 f5 14. Bd3) 13... Bxe2+ 14. Qxe2 Nxe5 15. Bxe5 b5 (15... f6 $11 {was preferrable.} 16. Bg3 Qe8) 16. Bxd6 (16. Nxd6 $14 Nxd6 17. Qg4) 16... cxd6 $15 17. Nd2 Nxd2+ 18. Qxd2 Rc8 19. Rxc8 (19. Ke2 {seems wilder.} Qg5 20. Rxc8 Qg4+ 21. Kd3 Rxc8 22. Rc1) 19... Qxc8 $11 {[%mdl 4096] Endgame KQR-KQR} 20. Ke2 Qc4+ 21. Qd3 Qc6 22. f3 Rc8 {With the idea ...Qc2+.} 23. Rd1 d5 24. Kd2 g6 {[%cal Ob5b4]} 25. f4 Kg7 {[%cal Ob5b4]} 26. Qb1 $1 {The position is equal.} Qb6 27. Rc1 Rb8 28. b4 a5 29. Rc5 Ra8 30. Ke2 axb4 31. Qxb4 Qa6 32. Kf3 Qxa3 33. Qxa3 Rxa3 34. Rxb5 {KR-KR} h5 35. h3 h4 36. Rb7 Ra2 37. Rc7 Kf6 38. Rb7 Ra3 39. Rc7 Ra1 40. Rb7 Rf1+ 41. Ke2 Ra1 42. Kf3 Ra3 43. Rc7 Rb3 44. Rc8 Kg7 45. Rc7 Ra3 46. Rb7 Ra2 47. Rc7 Ra3 48. Rb7 {Weighted Error Value: White=0.11 (very precise) /Black=0.09 (flawless)} 1/2-1/2